000 01052nam a22002177a 4500
999 _c2595
_d2595
003 AR-CdUCM
008 190305b ||||| |||| 00| 0 spa d
040 _aMUNICIPALIDAD PROVINCIAL DEL CUSCO
_cBIBLIOTECA MUNICIPAL DEL CUSCO
082 _a985.61 /
_bV21
100 _aValenzuela Lovón, Armando
_91192
245 _aRutas Turísticas del Cusco /
260 _aCusco :
_bJL Editores,
_c2009.
300 _a521 páginas ;
_bilustraciones, figuras,
_c21 cm.
500 _aAntes del título, Academia Mayor de la Lengua Quechua, Asociación Mundial de Escritores Andinos.
505 _aContenido: Qosqo centro magnético del mundo andino -- Asentamientos humanos en el Qosqo pre inkaiko -- Otras culturas periféricas del Cusco antiguo -- Estados regionales del valle del Watanay -- Pueblos Quechuas en el Qosqo antes de los Inkas -- Prosapia del Qosqo Inkaiko -- Orígenes y evolución del Quechua ...
650 _aOrigen y evolución del Quechua
_99165
650 _aCusco
_9772
650 _aHistoria
_9136
942 _2ddc
_cLIBROS
945 _aachl